[Event "FIDE-Wch k.o."]
[Site "New Delhi/Teheran"]
[Date "2000.12.11"]
[Round "5.3"]
[White "Khalifman, Alexander"]
[Black "Anand, Viswanathan"]
[Result "1/2-1/2"]
[WhiteElo "2667"]
[BlackElo "2762"]
[PlyCount "43"]
[EventDate "2000.11.27"]
[Source "ChessBase"]
[SourceDate "2001.01.25"]

1. d4 Nf6 2. c4 e6 3. Nc3 Bb4 4. e3 c5 5. Nge2 cxd4 6. exd4 O-O 7. a3 Be7 8.
Nf4 d5 9. cxd5 Nxd5 10. Ncxd5 exd5 11. Bd3 Nc6 12. O-O Bg5 13. Re1 h6 14. Bc2
Qd6 15. g3 Rd8 16. h4 Bxf4 17. Bxf4 Qf6 18. Bc7 Be6 19. Be5 Nxe5 20. dxe5 Qe7
21. Qd3 g6 22. Qd4 1/2-1/2